One - Harry Nilsson - All Lyrics - Statistics

General Stats
  • This quiz has been taken 7 times
  • The average score is 123 of 139
Answer Stats
Answer % Correct
a
100%
as
100%
bad
100%
be
100%
can
100%
do
100%
ever
100%
I
100%
is
100%
It's
100%
it's
100%
know
100%
loneliest
100%
number
100%
number,
100%
One
100%
one
100%
since
100%
that
100%
the
100%
Two
100%
two
100%
you
100%
you'll
100%
just
75%
"No"
75%
no
75%
saddest
75%
Yes,
75%
Because
50%
by
50%
experience
50%
good
50%
making
50%
my
50%
of
50%
rhymes
50%
spend
50%
time
50%
yesterday
50%
anymore
25%
away
25%
divided
25%
Now
25%
went
25%
much,
0%
much
0%
than
0%
worse
0%
No matching quizzes found
Score Distribution
Percent of People with Each Score
Percentile by Number Answered
Your Score History
You have not taken this quiz